000 00197nam a22000977a 4500
999 _c533523
_d533523
040 _cdlc
082 _a813.6
100 _aHeidi Julavits
_927464
245 _aThe Mineral Palace
942 _2ddc
_cBK